2017/18 EFL League One Teams - Statistics

General Stats
  • This quiz has been taken 36 times
  • The average score is 15 of 24
Answer Stats
Team % Correct
Portsmouth
90%
Wigan Athletic
80%
Blackburn Rovers
77%
AFC Wimbledon
73%
Bradford City
73%
Plymouth Argyle
73%
Milton Keynes Dons
70%
Blackpool
67%
Charlton Athletic
67%
Doncaster Rovers
63%
Peterborough United
63%
Rochdale
63%
Shrewsbury Town
63%
Bristol Rovers
60%
Bury
60%
Oldham Athletic
60%
Rotherham United
60%
Southend United
60%
Oxford United
57%
Gillingham
53%
Fleetwood Town
50%
Northampton Town
47%
Scunthorpe United
47%
Walsall
43%
No matching quizzes found
Score Distribution
Percent of People with Each Score
Percentile by Number Answered
Your Score History
You have not taken this quiz